[Event "Royan op"]
[Site "Royan"]
[Date "1989.??.??"]
[Round "4"]
[White "Coudari, Camille"]
[Black "Hebden, Mark"]
[Result "1/2-1/2"]
[WhiteElo "2315"]
[BlackElo "2455"]
[PlyCount "111"]
[EventDate "1989.06.??"]
[EventType "swiss"]
[EventRounds "9"]
[EventCountry "FRA"]
[SourceTitle "EXT 1997"]
[Source "ChessBase"]
[SourceDate "1996.11.15"]
[SourceVersion "1"]
[SourceVersionDate "1996.11.15"]
[SourceQuality "1"]

1. a3 g6 2. e3 Bg7 3. c4 e6 4. Nc3 d5 5. Nf3 Ne7 6. d4 0-0 7. Qb3 Nbc6 8. cxd5 exd5 9. Be2 a5 10. 0-0 Bf5 11. Bd2 b6 12. Rac1 Nb8 13. Rfd1 c6 14. e4 dxe4 15. Ng5 a4 16. Qa2 Nd5 17. Bc4 Ra7 18. Ngxe4 Nxc3 19. Nxc3 b5 20. Be2 Bxd4 21. Be3 Rd7 22. Rxd4 Rxd4 23. Bxd4 Qxd4 24. Bf3 Re8 25. Qa1 Qe5 26. h3 Kg7 27. Rd1 Qf6 28. Qc1 Nd7 29. g4 Ne5 30. Bg2 Bc8 31. Qe3 g5 32. Ne4 Qf4 33. Nd6 Rf8 34. Qc3 Kg8 35. Re1 Nxg4 36. Nxc8 Qxf2+ 37. Kh1 Rxc8 38. hxg4 Qh4+ 39. Bh3 h5 40. Kg1 hxg4 41. Bg2 g3 42. Qf6 Qf4 43. Qxf4 gxf4 44. Rf1 c5 45. Rxf4 c4 46. Rg4+ Kf8 47. Rxg3 b4 48. axb4 Rb8 49. Ra3 Rxb4 50. Ra2 Ke7 51. Kf2 Kd6 52. Ke3 Kc5 53. Kd2 Rb6 54. Bf3 Kd4 55. Be2 Rxb2+ 56. Rxb2 1/2-1/2

[Event "Royan op"]
[Site "Royan"]
[Date "1989.??.??"]
[Round "8"]
[White "Coudari, Camille"]
[Black "Lamoureux, Charles"]
[Result "1-0"]
[WhiteElo "2315"]
[BlackElo "2205"]
[PlyCount "71"]
[EventDate "1989.06.??"]
[EventType "swiss"]
[EventRounds "9"]
[EventCountry "FRA"]
[SourceTitle "EXT 1997"]
[Source "ChessBase"]
[SourceDate "1996.11.15"]
[SourceVersion "1"]
[SourceVersionDate "1996.11.15"]
[SourceQuality "1"]

1. e4 c5 2. Nf3 e6 3. d4 cxd4 4. Nxd4 a6 5. Nc3 Qc7 6. Nb3 Nf6 7. Bd3 b6 8. 0-0 Bb7 9. f4 d6 10. f5 Nbd7 11. fxe6 fxe6 12. Nd4 Nc5 13. Qe2 Nxd3 14. cxd3 Qd7 15. Kh1 e5 16. Nf5 Qf7 17. Qf2 b5 18. Qb6 Qd7 19. Bg5 Kf7 20. Qf2 Ke8 21. Qh4 b4 22. Ne2 Ng8 23. Neg3 g6 24. Ne3 Be7 25. Rf2 Bxg5 26. Qxg5 Qe7 27. Qg4 Nh6 28. Qd1 a5 29. Qb3 Rf8 30. Qa4+ Kd8 31. Rxf8+ Qxf8 32. Qb5 Qe7 33. Rc1 Ra6 34. Nd5 Qg5 35. Rf1 Bxd5 36. exd5 1-0

[Event "Royan op"]
[Site "Royan"]
[Date "1989.??.??"]
[Round "5"]
[White "Langeweg, Kick"]
[Black "Coudari, Camille"]
[Result "1-0"]
[WhiteElo "2365"]
[BlackElo "2315"]
[PlyCount "59"]
[EventDate "1989.06.??"]
[EventType "swiss"]
[EventRounds "9"]
[EventCountry "FRA"]
[SourceTitle "EXT 1997"]
[Source "ChessBase"]
[SourceDate "1996.11.15"]
[SourceVersion "1"]
[SourceVersionDate "1996.11.15"]
[SourceQuality "1"]

1. d4 Nf6 2. Nf3 g6 3. Bg5 Bg7 4. c3 h6 5. Bh4 d6 6. Nbd2 0-0 7. e4 Nbd7 8. Bd3 Nh5 9. 0-0 Nf4 10. Bc2 Nf6 11. Re1 N6h5 12. Nf1 b6 13. Ng3 Nxg3 14. Bxg3 Nh5 15. Bh4 Bb7 16. Qd2 Qd7 17. Rad1 Rac8 18. Qe3 Rfd8 19. h3 g5 20. Bxg5 hxg5 21. Qxg5 Nf6 22. Qh4 e6 23. Ng5 c5 24. e5 dxe5 25. dxe5 Qc6 26. f3 Nd5 27. Re4 c4 28. Rg4 Kf8 29. Nh7+ Kg8 30. Qh6 1-0

[Event "Montreal Cafe Campus"]
[Site "Montreal"]
[Date "1982.10.03"]
[Round "5"]
[White "Williams, Leo"]
[Black "Coudari, Camille"]
[Result "1-0"]
[WhiteElo "2108"]
[BlackElo "2388"]
[PlyCount "49"]
[EventDate "1982.10.01"]
[EventType "swiss"]
[EventRounds "5"]
[EventCountry "CAN"]
[SourceTitle "EXT 2022"]
[Source "ChessBase"]
[SourceDate "2021.10.06"]
[SourceVersion "1"]
[SourceVersionDate "2021.10.06"]
[SourceQuality "1"]

1. e4 c5 2. Nf3 e6 3. d4 cxd4 4. Nxd4 Nf6 5. Nc3 d6 6. g4 a6 7. g5 Nfd7 8. Rg1 b5 9. a3 Nb6 10. Be3 N8d7 11. f4 Qc7 12. h4 Bb7 13. Qg4 e5 14. Nf3 Rc8 15. h5 d5 16. g6 hxg6 17. hxg6 Nf6 18. gxf7+ Qxf7 19. Qf5 Nfd7 20. Qxf7+ Kxf7 21. fxe5 Bc5 22. Ng5+ Ke7 23. Bxc5+ Nxc5 24. 0-0-0 Nxe4 25. Ngxe4 1-0

[Event "Quebec op"]
[Site "Montreal"]
[Date "1980.08.05"]
[Round "3"]
[White "Coudari, Camille"]
[Black "Aubry, Claude"]
[Result "1-0"]
[WhiteElo "2337"]
[BlackElo "1924"]
[PlyCount "53"]
[EventDate "1980.08.03"]
[EventType "swiss"]
[EventRounds "8"]
[EventCountry "CAN"]
[SourceTitle "EXT 2022"]
[Source "ChessBase"]
[SourceDate "2021.10.06"]
[SourceVersion "1"]
[SourceVersionDate "2021.10.06"]
[SourceQuality "1"]

1. e4 c5 2. Nf3 Nc6 3. Bb5 Qc7 4. 0-0 e6 5. Re1 Nge7 6. c3 a6 7. Bf1 d5 8. d4 dxe4 9. Rxe4 Nd5 10. Re1 cxd4 11. cxd4 Be7 12. a3 0-0 13. Nbd2 Rd8 14. Nc4 b5 15. Nce5 Bb7 16. Bd3 h6 17. Qe2 Qd6 18. Bd2 Rac8 19. Rad1 Nf6 20. Bb1 Qc7 21. Nxf7 Kxf7 22. Qxe6+ Kf8 23. Ba2 Rd5 24. Bxd5 Nd8 25. Qxe7+ Qxe7 26. Rxe7 Kxe7 27. Bb4+ 1-0

[Event "Montreal int"]
[Site "Montreal"]
[Date "1980.??.??"]
[Round "?"]
[White "Allan, Denis"]
[Black "Coudari, Camille"]
[Result "0-1"]
[WhiteElo "2320"]
[BlackElo "2325"]
[PlyCount "96"]
[EventDate "1980.??.??"]
[EventType "tourn"]
[EventRounds "9"]
[EventCountry "CAN"]
[SourceTitle "EXT 1998"]
[Source "ChessBase"]
[SourceDate "1997.11.17"]
[SourceVersion "1"]
[SourceVersionDate "1997.11.17"]
[SourceQuality "1"]

1. e4 c5 2. Nf3 e6 3. d4 cxd4 4. Nxd4 Nf6 5. Nc3 d6 6. f4 a6 7. Be2 Be7 8. Be3 Qc7 9. 0-0 Nc6 10. Qe1 0-0 11. Qg3 Bd7 12. Rae1 b5 13. Bd3 Rac8 14. a3 Rfd8 15. Kh1 Qb7 16. e5 Nxd4 17. Bxd4 Nh5 18. Qh3 g6 19. exd6 Bxd6 20. Ne4 Be7 21. Bc3 Bc6 22. f5 exf5 23. Rxf5 gxf5 24. Qxh5 Bxe4 25. Bxe4 fxe4 26. Qg4+ Kf8 27. Qg7+ Ke8 28. Ba5 Qd5 29. Bxd8 Rxd8 30. Qxh7 Rd6 31. b3 f5 32. Qh8+ Kd7 33. Qb8 Bh4 34. Rf1 Bg3 35. Qa7+ Ke6 36. Qg7 f4 37. h4 Qh5 38. Qg8+ Ke5 39. Qg7+ Rf6 40. Qe7+ Kf5 41. Qd7+ Re6 42. Qd5+ Re5 43. Qd7+ Kf6 44. Qd8+ Kg7 45. Qd7+ Kg8 46. Kg1 e3 47. Qd8+ Re8 48. Qd5+ Qxd5 0-1

[Event "New York MCC"]
[Site "New York"]
[Date "1980.??.??"]
[Round "7"]
[White "Coudari, Camille"]
[Black "Valvo, Michael Joseph"]
[Result "0-1"]
[WhiteElo "2325"]
[BlackElo "2465"]
[PlyCount "70"]
[EventDate "1980.??.??"]
[EventType "tourn"]
[EventRounds "11"]
[EventCountry "USA"]
[EventCategory "8"]
[SourceTitle "MCD"]
[Source "ChessBase"]
[SourceDate "1999.07.01"]
[SourceVersion "1"]
[SourceVersionDate "1999.07.01"]
[SourceQuality "1"]

1. e4 c5 2. Nf3 d6 3. d4 cxd4 4. Nxd4 Nf6 5. Nc3 g6 6. f4 Bg7 7. Be2 0-0 8. Be3 Nc6 9. 0-0 Qb6 10. Qd3 Qxb2 11. Rab1 Qa3 12. Nxc6 bxc6 13. Nd5 Qxd3 14. Nxe7+ Kh8 15. cxd3 Ba6 16. Rfd1 c5 17. Bf3 Rae8 18. Nc6 Nd5 19. Bd2 Ne7 20. Nxe7 Bd4+ 21. Kh1 Rxe7 22. Be1 f5 23. Bh4 Ree8 24. exf5 Rxf5 25. Bb7 Bxb7 26. Rxb7 Rxf4 27. Bg3 Rf6 28. Rxa7 Ref8 29. h4 c4 30. Ra4 Rf1+ 31. Rxf1 Rxf1+ 32. Kh2 Bg1+ 33. Kh3 cxd3 34. Bf4 h5 35. g3 Rf2 0-1

[Event "Montreal int"]
[Site "Montreal"]
[Date "1980.??.??"]
[Round "?"]
[White "Coudari, Camille"]
[Black "Zurowski, Henry"]
[Result "0-1"]
[WhiteElo "2325"]
[BlackElo "2230"]
[PlyCount "121"]
[EventDate "1980.??.??"]
[EventType "tourn"]
[EventRounds "9"]
[EventCountry "CAN"]
[SourceTitle "EXT 1998"]
[Source "ChessBase"]
[SourceDate "1997.11.17"]
[SourceVersion "1"]
[SourceVersionDate "1997.11.17"]
[SourceQuality "1"]

1. e4 c5 2. Nf3 g6 3. d4 Bg7 4. d5 d6 5. Be2 Nf6 6. Nc3 0-0 7. 0-0 e6 8. Nd2 exd5 9. exd5 Nbd7 10. Nc4 Nb6 11. Ne3 Re8 12. a4 Ne4 13. Nxe4 Rxe4 14. c3 Rb8 15. h3 a5 16. Bd3 Re8 17. Bd2 Qc7 18. b3 f5 19. f4 Nd7 20. Qc2 Nf6 21. Rfe1 Bd7 22. Re2 Re7 23. Rae1 Rbe8 24. Kh2 b6 25. g3 Kh8 26. Bc1 Bc8 27. Rg1 Qb7 28. c4 Nh5 29. Rf1 Nf6 30. Rfe1 Qd7 31. Bb2 Kg8 32. Bc3 Kf7 33. Qb2 Qd8 34. Qc2 Qd7 35. Bd2 Kf8 36. Rf1 Kg8 37. Rf3 Qd8 38. Rg2 Bd7 39. Nd1 Qc8 40. Rf1 Qd8 41. Nf2 Qc8 42. Rfg1 Rf8 43. g4 Ne8 44. g5 Bd4 45. Rf1 Ng7 46. Nh1 Be8 47. Be2 Bf7 48. Ng3 Rfe8 49. Bd3 Be3 50. Bc3 Bd4 51. Bxd4 cxd4 52. h4 Re3 53. h5 R8e7 54. h6 Ne8 55. Qb1 Kh8 56. Nxf5 gxf5 57. Bxf5 Qc5 58. g6 hxg6 59. Bxg6 Qc8 60. Qd1 Qh3+ 61. Kg1 0-1

[Event "New York MCC"]
[Site "New York"]
[Date "1980.??.??"]
[Round "10"]
[White "Dzindzichashvili, Roman"]
[Black "Coudari, Camille"]
[Result "1-0"]
[WhiteElo "2570"]
[BlackElo "2325"]
[PlyCount "187"]
[EventDate "1980.??.??"]
[EventType "tourn"]
[EventRounds "11"]
[EventCountry "USA"]
[EventCategory "8"]
[SourceTitle "MCD"]
[Source "ChessBase"]
[SourceDate "1999.07.01"]
[SourceVersion "1"]
[SourceVersionDate "1999.07.01"]
[SourceQuality "1"]

1. d4 Nf6 2. c4 e6 3. Nf3 Bb4+ 4. Nbd2 b6 5. a3 Be7 6. e4 Bb7 7. Bd3 d6 8. Qe2 a5 9. e5 dxe5 10. dxe5 Nfd7 11. 0-0 Nc6 12. Rd1 a4 13. Bc2 Ra5 14. Nf1 Qc8 15. Bd2 Ra8 16. Ng3 h6 17. Bc3 Nc5 18. Nh5 Kf8 19. Nd4 g6 20. Nf6 Kg7 21. Nb5 Na5 22. Re1 Bc6 23. Qg4 Qb7 24. Re3 h5 25. Qf4 Nxc4 26. Qxc4 Qa6 27. Qf4 Qxb5 28. Rg3 Qe2 29. Bd1 Qb5 30. Nxh5+ Kf8 31. Rxg6 Nd3 32. Qg4 fxg6 33. Qxg6 Rg8 34. Qh6+ Ke8 35. Ng7+ Kd8 36. Bg4 Rxg7 37. Qxg7 Bd5 38. Rd1 c5 39. Qg6 Nf4 40. Qf7 Ne2+ 41. Kh1 Nd4 42. Bxd4 cxd4 43. Bxe6 Bxe6 44. Qxe6 Qc5 45. Qg8+ Bf8 46. Qg5+ Be7 47. Qf4 Rc8 48. Rxd4+ Ke8 49. Rd1 Qc4 50. Qf5 Rd8 51. Qh5+ Kf8 52. Qh6+ Kf7 53. Rc1 Qd4 54. e6+ Kg8 55. Qg6+ Qg7 56. Qc2 b5 57. g3 Bf6 58. Qe2 Bxb2 59. e7 Re8 60. Qxb5 Rxe7 61. Rc8+ Kh7 62. Rc4 Qe5 63. Rh4+ Kg7 64. Qd3 Qe6 65. Qb5 Qe2 66. Qg5+ Kf8 67. Kg2 Rf7 68. Qd8+ Qe8 69. Qxe8+ Kxe8 70. Rxa4 Rd7 71. Re4+ Kf7 72. a4 Rd5 73. h4 Kg6 74. Kh3 Bf6 75. Rb4 Rd3 76. Kg4 Bd4 77. f3 Be3 78. Rc4 Bd2 79. Rc6+ Kg7 80. Rc2 Rd4+ 81. f4 Ba5 82. Ra2 Rd3 83. Re2 Rd4 84. Kf5 Rxa4 85. Re7+ Kf8 86. Ra7 Ra1 87. g4 Bc3 88. Rxa1 Bxa1 89. Kg6 Ke8 90. f5 Bd4 91. f6 Bf2 92. h5 Bg3 93. f7+ Kf8 94. Kh7 1-0

[Event "New York MCC"]
[Site "New York"]
[Date "1980.??.??"]
[Round "6"]
[White "Fedorowicz, John P"]
[Black "Coudari, Camille"]
[Result "0-1"]
[WhiteElo "2420"]
[BlackElo "2325"]
[PlyCount "120"]
[EventDate "1980.??.??"]
[EventType "tourn"]
[EventRounds "11"]
[EventCountry "USA"]
[EventCategory "8"]
[SourceTitle "MCD"]
[Source "ChessBase"]
[SourceDate "1999.07.01"]
[SourceVersion "1"]
[SourceVersionDate "1999.07.01"]
[SourceQuality "1"]

1. e4 c5 2. Nf3 e6 3. d4 cxd4 4. Nxd4 Nf6 5. Nc3 d6 6. f4 a6 7. Qf3 Qb6 8. Nb3 Qc7 9. Bd3 b5 10. Be3 Nbd7 11. 0-0 Bb7 12. Rae1 Be7 13. a3 0-0 14. Qh3 e5 15. Kh1 Rfe8 16. fxe5 Nxe5 17. Nd4 g6 18. Bg1 Qd8 19. Qe3 Rc8 20. Re2 Nfd7 21. Qh3 Bf8 22. Ref2 Bg7 23. Rf4 Rc7 24. Nd5 Bxd5 25. exd5 Nc5 26. Be2 Na4 27. Qb3 Qa8 28. Rd1 Nc4 29. Bxc4 Rxc4 30. c3 Nb6 31. Rff1 Nd7 32. Nc6 Ne5 33. Nb4 Re4 34. Rde1 Nc4 35. Rxe4 Rxe4 36. Qc2 Qe8 37. Nxa6 Re2 38. Qd3 Rxb2 39. Nb4 Qe2 40. Qxe2 Rxe2 41. Rc1 Rd2 42. h3 Nxa3 43. Be3 Re2 44. Bf4 Nc4 45. Nc6 Rb2 46. Ra1 h6 47. Ra8+ Kh7 48. Ra7 Rf2 49. Bg3 Rf1+ 50. Kh2 Bxc3 51. Rb7 b4 52. Rb8 Rb1 53. Rb7 b3 54. Rxf7+ Kg8 55. Rc7 b2 56. Ne7+ Kf7 57. Nc8+ Kf6 58. Rxc4 Rc1 59. Nxd6 b1Q 60. Ne4+ Kf7 0-1

[Event "Montreal int"]
[Site "Montreal"]
[Date "1980.??.??"]
[Round "?"]
[White "Hebert, Jean"]
[Black "Coudari, Camille"]
[Result "0-1"]
[WhiteElo "2360"]
[BlackElo "2325"]
[PlyCount "78"]
[EventDate "1980.??.??"]
[EventType "tourn"]
[EventRounds "9"]
[EventCountry "CAN"]
[SourceTitle "EXT 1998"]
[Source "ChessBase"]
[SourceDate "1997.11.17"]
[SourceVersion "1"]
[SourceVersionDate "1997.11.17"]
[SourceQuality "1"]

1. e4 c5 2. Nf3 e6 3. d4 cxd4 4. Nxd4 Nf6 5. Nc3 d6 6. Be3 a6 7. f4 Qc7 8. Be2 b5 9. a3 Bb7 10. Bf3 Nbd7 11. Qe2 Be7 12. g4 Nb6 13. g5 Nfd7 14. 0-0 Nc4 15. Nd1 g6 16. c3 Nc5 17. Bf2 e5 18. b3 Nb6 19. fxe5 dxe5 20. Bg3 0-0 21. b4 Nca4 22. h4 Nc4 23. Nc2 Rad8 24. Be1 f6 25. gxf6 Rxf6 26. Nce3 Nab6 27. Ra2 Rfd6 28. Ng4 Rxd1 29. Qg2 Rxe1 30. Rxe1 Bxh4 31. Rf1 Bg5 32. Qh3 Nd2 33. Rf2 Nbc4 34. Be2 Nxe4 35. Rf1 Ncd2 36. Rxd2 Nxd2 37. Rf2 Ne4 38. Rf3 Qb6+ 39. Kg2 Nd2 0-1

[Event "Olympiad-23"]
[Site "Buenos Aires"]
[Date "1978.10.31"]
[Round "6"]
[White "Hoi, Carsten"]
[Black "Coudari, Camille"]
[Result "1-0"]
[WhiteElo "2340"]
[BlackElo "2285"]
[PlyCount "139"]
[EventDate "1978.10.25"]
[EventType "team-swiss"]
[EventRounds "14"]
[EventCountry "ARG"]
[SourceTitle "EXT 2000"]
[Source "ChessBase"]
[SourceDate "1999.11.16"]
[SourceVersion "1"]
[SourceVersionDate "1999.11.16"]
[SourceQuality "1"]
[WhiteTeam "Denmark"]
[BlackTeam "Canada"]
[WhiteTeamCountry "DEN"]
[BlackTeamCountry "CAN"]

1. d4 Nf6 2. c4 g6 3. Nc3 Bg7 4. e4 d6 5. f3 0-0 6. Be3 Nc6 7. Qd2 a6 8. Nge2 Rb8 9. g4 b5 10. 0-0-0 bxc4 11. h4 Nb4 12. Ng3 c5 13. h5 cxd4 14. Bxd4 Qa5 15. hxg6 e5 16. Ba7 Rb7 17. a3 Rxa7 18. axb4 Qxb4 19. g5 fxg6 20. gxf6 Rxf6 21. Qd5+ Kh8 22. Qxc4 Qxc4 23. Bxc4 h5 24. Rd3 Rc7 25. b3 Be6 26. Bxe6 Rxe6 27. Kb2 Rc6 28. Nd5 Bh6 29. Rc3 Rxc3 30. Kxc3 Re8 31. Kd3 Rf8 32. Rf1 a5 33. Ne7 Kg7 34. Nc6 Rc8 35. Nxa5 Kf6 36. Nc4 Ke6 37. b4 Rb8 38. Kc3 h4 39. Ne2 d5 40. exd5+ Kxd5 41. Rg1 Rc8 42. Rd1+ Ke6 43. Ng1 Bf8 44. b5 Bc5 45. Nh3 Rf8 46. Rd3 Rc8 47. b6 Rb8 48. Kd2 Bd4 49. Rb3 Kd5 50. Kd3 Rb7 51. Rb1 Rb8 52. b7 Kc6 53. Ke4 Kc7 54. Nxe5 Ba7 55. Nxg6 Rxb7 56. Rxb7+ Kxb7 57. f4 Kc6 58. f5 Bc5 59. Ke5 Kd7 60. Nxh4 Bd6+ 61. Ke4 Ba3 62. Nf3 Ke7 63. Nf4 Kf7 64. Ne5+ Kg7 65. Nd5 Bd6 66. f6+ Kg8 67. Kf5 Bf8 68. Kg6 Ba3 69. f7+ Kh8 70. f8Q+ 1-0

[Event "Zonal & CAN-ch62"]
[Site "Toronto"]
[Date "1978.08.16"]
[Round "11"]
[White "Coudari, Camille"]
[Black "Hebert, Jean"]
[Result "1-0"]
[WhiteElo "2285"]
[BlackElo "2255"]
[PlyCount "113"]
[EventDate "1978.08.05"]
[EventType "tourn"]
[EventRounds "15"]
[EventCountry "CAN"]
[EventCategory "3"]
[SourceTitle "MCD"]
[Source "ChessBase"]
[SourceDate "1999.07.01"]
[SourceVersion "1"]
[SourceVersionDate "1999.07.01"]
[SourceQuality "1"]

1. Nf3 c5 2. b3 Nc6 3. Bb2 d6 4. c4 Nf6 5. g3 e5 6. Bg2 g6 7. 0-0 Bg7 8. e3 0-0 9. d3 Nh5 10. Nc3 f5 11. Qd2 g5 12. Nd5 Be6 13. Ne1 f4 14. Qe2 Bf7 15. Nc2 e4 16. Bxg7 f3 17. Bxf3 exf3 18. Qxf3 Kxg7 19. Qg2 Bg6 20. e4 g4 21. h3 Qd7 22. hxg4 Qxg4 23. Nce3 Qe2 24. f4 Qxg2+ 25. Kxg2 Bf7 26. Nf5+ Kh8 27. Rh1 Rad8 28. g4 Ng7 29. Rh6 Nxf5 30. gxf5 Bxd5 31. cxd5 Nb4 32. Kf3 Rd7 33. Rg1 Nxd3 34. a3 b5 35. Ke3 c4 36. b4 a5 37. bxa5 Nc5 38. Rb1 c3 39. Rxb5 Re8 40. e5 c2 41. Kd2 Rc8 42. Kxc2 dxe5 43. Rc6 Rf8 44. fxe5 Rxf5 45. Rbxc5 Rxe5 46. Kc3 Rexd5 47. Rxd5 Rxd5 48. a6 Kg7 49. a7 Rd8 50. Rc7+ Kf6 51. Kb4 Ke6 52. Kc5 h5 53. Kc6 h4 54. Rh7 h3 55. Kc7 Rf8 56. Rxh3 Rf7+ 57. Kb6 1-0

[Event "Zonal & CAN-ch62"]
[Site "Toronto"]
[Date "1978.08.13"]
[Round "8"]
[White "Spraggett, Kevin"]
[Black "Coudari, Camille"]
[Result "1-0"]
[WhiteElo "2450"]
[BlackElo "2285"]
[PlyCount "80"]
[EventDate "1978.08.05"]
[EventType "tourn"]
[EventRounds "15"]
[EventCountry "CAN"]
[EventCategory "3"]
[SourceTitle "MCD"]
[Source "ChessBase"]
[SourceDate "1999.07.01"]
[SourceVersion "1"]
[SourceVersionDate "1999.07.01"]
[SourceQuality "1"]

1. e4 c6 2. d4 d5 3. exd5 cxd5 4. Bd3 Nf6 5. c3 Nc6 6. Bf4 Bg4 7. Qb3 Na5 8. Qa4+ Bd7 9. Qc2 g6 10. Nf3 Bg7 11. Nbd2 a6 12. a4 b5 13. axb5 axb5 14. 0-0 0-0 15. b4 Nc4 16. h3 Nh5 17. Bh2 Bh6 18. Rfe1 Rxa1 19. Rxa1 Bf4 20. Nb3 Bxh2+ 21. Nxh2 Qc7 22. Nc5 Bc8 23. Nf3 Nf4 24. Bf1 Qb6 25. Re1 Qf6 26. Ne5 Qg5 27. Kh2 Bf5 28. Qc1 Ra8 29. Nf3 Qh6 30. Rxe7 Ra2 31. Qe1 Nxh3 32. Bxc4 Nxf2+ 33. Kg3 Nh1+ 34. Qxh1 Qxh1 35. Bxa2 Kf8 36. Re1 Qh5 37. Bxd5 f6 38. Ne6+ Bxe6 39. Bxe6 g5 40. d5 g4 1-0

[Event "Zonal & CAN-ch62"]
[Site "Toronto"]
[Date "1978.08.09"]
[Round "5"]
[White "Piasetski, Leon David"]
[Black "Coudari, Camille"]
[Result "0-1"]
[WhiteElo "2410"]
[BlackElo "2285"]
[PlyCount "80"]
[EventDate "1978.08.05"]
[EventType "tourn"]
[EventRounds "15"]
[EventCountry "CAN"]
[EventCategory "3"]
[SourceTitle "MCD"]
[Source "ChessBase"]
[SourceDate "1999.07.01"]
[SourceVersion "1"]
[SourceVersionDate "1999.07.01"]
[SourceQuality "1"]

1. c4 g6 2. Nc3 Bg7 3. d4 Nf6 4. e4 d6 5. f3 0-0 6. Be3 Nc6 7. Nge2 a6 8. Qd2 Rb8 9. Bh6 e5 10. Bxg7 Kxg7 11. 0-0-0 Re8 12. g4 exd4 13. Nxd4 Be6 14. h4 h5 15. g5 Nd7 16. Nxe6+ fxe6 17. f4 Nf8 18. Rh2 Qd7 19. Rf2 Kh8 20. Be2 Qg7 21. f5 Ne5 22. Rdf1 b5 23. cxb5 axb5 24. Bxb5 Red8 25. Be2 d5 26. fxg6 d4 27. Nd1 Qxg6 28. Rf6 Qxe4 29. g6 Kg7 30. Rf7+ Kg8 31. R7f4 Qd5 32. Kb1 Nfxg6 33. Rg1 Kh7 34. Rf6 Rf8 35. Rfxg6 Nxg6 36. Bd3 Rf6 37. Rg5 Qf3 38. Be2 Qf4 39. Rxh5+ Kg7 40. Qd3 Rh8 0-1

[Event "Quebec op"]
[Site "Montreal"]
[Date "1978.07.24"]
[Round "3"]
[White "Coudari, Camille"]
[Black "Melkonian, Sam"]
[Result "1-0"]
[WhiteElo "2325"]
[BlackElo "1838"]
[PlyCount "85"]
[EventDate "1978.07.22"]
[EventType "swiss"]
[EventRounds "9"]
[EventCountry "CAN"]
[SourceTitle "EXT 2022"]
[Source "ChessBase"]
[SourceDate "2021.10.06"]
[SourceVersion "1"]
[SourceVersionDate "2021.10.06"]
[SourceQuality "1"]

1. d4 Nf6 2. c4 g6 3. Nc3 d5 4. Bg5 Ne4 5. Bf4 Nxc3 6. bxc3 Bg7 7. e3 0-0 8. Nf3 c5 9. Rc1 dxc4 10. Bxc4 Nc6 11. 0-0 Bg4 12. h3 Bxf3 13. Qxf3 e5 14. dxe5 Bxe5 15. Bh6 Bg7 16. Bxg7 Kxg7 17. Bd5 Rc8 18. e4 Qe7 19. Rfe1 b5 20. e5 Nd8 21. Qe4 Ne6 22. Rcd1 a5 23. f4 Qh4 24. Bxe6 fxe6 25. Rf1 Qe7 26. Rd6 Rfd8 27. Rfd1 b4 28. Qc4 Rxd6 29. Rxd6 Kf7 30. Qb5 Rd8 31. Rxd8 Qxd8 32. Qxc5 Qd1+ 33. Kh2 Qd2 34. cxb4 Qxf4+ 35. Kg1 Qxb4 36. Qxb4 axb4 37. Kf2 Ke7 38. Ke3 Kd7 39. Kd4 Kc6 40. Kc4 g5 41. Kxb4 Kd5 42. a4 Kxe5 43. Kc5 1-0

[Event "Lone Pine op Louis D. Statham Masters"]
[Site "Lone Pine"]
[Date "1978.04.05"]
[Round "4"]
[White "Panno, Oscar"]
[Black "Coudari, Camille"]
[Result "1/2-1/2"]
[WhiteElo "2580"]
[BlackElo "2285"]
[PlyCount "100"]
[EventDate "1978.04.02"]
[EventType "swiss"]
[EventRounds "9"]
[EventCountry "USA"]
[SourceTitle "MCL"]
[Source "ChessBase"]
[SourceDate "1999.07.01"]
[SourceVersion "1"]
[SourceVersionDate "1999.07.01"]
[SourceQuality "1"]

1. c4 f5 2. Nc3 Nf6 3. g3 d6 4. Bg2 g6 5. b3 e5 6. Bb2 Bg7 7. d3 0-0 8. Qd2 Nc6 9. e3 f4 10. Nf3 Nh5 11. gxf4 exf4 12. 0-0-0 Ne5 13. Nxe5 dxe5 14. Ne4 Qe7 15. Qa5 b6 16. Qa3 c5 17. Bc3 Bg4 18. Rd2 Rad8 19. Kc2 Bh6 20. Re1 Ng7 21. Qb2 Rde8 22. exf4 Bxf4 23. f3 Bxd2 24. Nxd2 Bf5 25. Bxe5 Qd7 26. Ne4 Bxe4 27. Rxe4 Rd8 28. Qc3 Nf5 29. f4 Nd4+ 30. Rxd4 cxd4 31. Qe1 h6 32. Qh4 Kh7 33. Be4 Rf7 34. Qg3 Qe6 35. h4 Rf5 36. Bxf5 Qxf5 37. Qg2 h5 38. Qb7+ Qd7 39. Qe4 Re8 40. a4 Qe7 41. Qxd4 Qxh4 42. Qd5 Qe7 43. d4 Rd8 44. Qg2 Qf7 45. Kc3 Qd7 46. Qg5 Re8 47. a5 Qf5 48. Qg2 h4 49. Qb7+ Kh6 50. Bg7+ Kh5 1/2-1/2